| 000 | nam a22 7a 4500 | ||
|---|---|---|---|
| 999 |
_c15811 _d15811 |
||
| 008 | 161104b xxu||||| |||| 00| 0 eng d | ||
| 020 | _a0205482961 | ||
| 050 | _aLB 3013 .J66 2007 | ||
| 100 | _aJones, Vern | ||
| 245 |
_aComprehensive classroom management : _bcreating communities of support and solving problems/ |
||
| 250 | _a8th ed. | ||
| 260 |
_aBoston : _bPearson, _c2007. |
||
| 300 |
_axv, 480p. : _bill. ; _c24cm. |
||
| 500 | _aInclude index. | ||
| 650 | _aClassroom management. | ||
| 650 | _aInteraction analysis in education. | ||
| 650 | _aMotivation in education . | ||
| 650 | _aSchool discpline. | ||
| 700 | _aJones, Louise. | ||
| 942 |
_2lcc _cBOOKS _hLB 3013 .J66 2007 _01 |
||